[Event "Schwarzach Open"]
[Site "?"]
[Date "2000.08.25"]
[Round "7"]
[White "van Essen, Mark"]
[Black "Grundner, Alois"]
[Result "1/2-1/2"]
[WhiteElo "1858"]
[BlackElo "1873"]
[PlyCount "27"]
[EventDate "2000.??.??"]

1. Nc3 d5 {Opening = A00_02 Unregelmässige mit 1.Nc3 / Irregular with 1.Nc3} 2.
e4 d4 3. Nce2 c5 4. Ng3 Nc6 {letzter Buchzug} 5. Nf3 g6 6. Bc4 Bg7 7. O-O e6 {
aus dem Buch} 8. d3 Qc7 9. Bd2 Nge7 10. Ne1 O-O 11. f4 Kh8 12. Nf3 Na5 13. Qe1
Nxc4 14. dxc4 1/2-1/2

[Event "Pinzg.MS"]
[Site "?"]
[Date "1999.11.05"]
[Round "2"]
[White "Schachner, Franz"]
[Black "Grundner, Alois"]
[Result "0-1"]
[WhiteElo "1800"]
[BlackElo "1922"]
[Annotator "Grundner,A"]
[PlyCount "82"]

1. f4 {aus dem Buch} d5 2. Nf3 c5 3. e3 Nc6 4. b3 Nf6 5. Bb2 g6 6. Be2 Bg7 7.
O-O O-O 8. c3 Ne4 9. d4 cxd4 10. exd4 Qc7 11. g3 Bh3 12. Re1 e6 13. Nbd2 f5 14.
Nxe4 fxe4 15. Ng5 Bf5 16. g4 Qxf4 17. Bc1 e3 18. Nh3 Qh6 19. gxf5 Qxh3 20. Bg4
Qh4 21. Bxe3 h5 22. Bf3 Rxf5 23. Bf2 Qf6 24. Re3 Rf8 25. Kg2 g5 26. Bg1 g4 27.
Be2 Bh6 28. Rd3 Rf2+ 29. Bxf2 ({-3.00 Fritz 5.00:} 29. Kh1 Rf4 30. a3 Bg7 31.
Be3 Rf5 32. c4 Qh4 {[%eval -153,8]}) 29... Qxf2+ 30. Kh1 Bf4 31. Rh3 gxh3 32.
Qg1+ Qxg1+ 33. Rxg1+ Kh8 34. Bxh5 Bc7 35. Re1 Rf2 36. Kg1 Rxh2 37. Rxe6 Rxa2
38. Bf3 h2+ 39. Kf1 Ra1+ ({-4.22 Fritz 5.00:} 39... Bg3 40. Rh6+ Kg7 41. Rxh2
Rxh2 42. Bxd5 Rf2+ 43. Kg1 {[%eval -725,6]}) 40. Re1 Rxe1+ 41. Kxe1 Ne7 0-1

[Event "Lienz Open"]
[Site "?"]
[Date "1999.02.07"]
[Round "2"]
[White "Wiesend, Bruno"]
[Black "Grundner, Alois"]
[Result "1-0"]
[WhiteElo "2185"]
[BlackElo "1899"]
[Annotator "Grundner,A"]
[PlyCount "61"]

1. e4 c5 {aus dem Buch} 2. Nf3 d6 3. d3 g6 4. g3 Bg7 5. Bg2 Nc6 6. c3 Bd7 7.
O-O Nf6 8. Re1 e5 9. Nbd2 Qc7 10. a3 a5 11. Nc4 Ra6 12. Bg5 b5 13. Ne3 Be6 14.
Nd5 Bxd5 15. exd5 Nb8 16. d4 cxd4 17. Nxd4 Qb7 18. Qd3 Rb6 19. Nc6 O-O ({1.44
Fritz 5.00:} 19... a4 20. Qf3 Nbd7 21. Rad1 Ra6 22. Nb4 Ra8 {[%eval 75,7]}) 20.
Nxa5 Qd7 21. Be3 Ra6 22. Nc6 Qb7 23. f4 Ng4 24. h3 Nxe3 25. Qxe3 Nd7 26. Kh2 f5
27. Rad1 Ra4 28. Nb4 Nc5 29. Qf2 Qd7 ({1.94 Fritz 5.00:} 29... e4 30. Re3 Re8
31. Rde1 Qc7 32. Qe2 Nb3 {[%eval 128,7]}) 30. fxe5 Bxe5 ({2.75 Fritz 5.00:} 
30... Ne4 31. Qb6 Bxe5 32. Bxe4 fxe4 {[%eval 206,7]}) 31. Rxe5 1-0

[Event "Landescup 99"]
[Site "?"]
[Date "1999.05.08"]
[Round "3"]
[White "Egger, Martin"]
[Black "Grundner, Alois"]
[Result "1/2-1/2"]
[WhiteElo "1990"]
[BlackElo "1896"]
[Annotator "Grundner,A"]
[PlyCount "50"]

{12288kB, newbook.ctg} 1. Nf3 d5 2. g3 c5 3. Bg2 Nc6 4. O-O Nf6 5. d3 e6 6.
Nbd2 Be7 7. e4 O-O 8. e5 Nd7 9. Re1 Qc7 10. Qe2 b6 11. h4 Bb7 12. Nf1 Rae8 13.
Bf4 Qd8 14. N1h2 f6 15. Bh3 f5 16. c4 Nd4 17. Qd1 h6 18. h5 Nxf3+ 19. Nxf3 d4
20. Bg2 Rf7 21. Nd2 Bxg2 22. Kxg2 Bg5 23. Nf3 Nf8 24. Qd2 Nh7 25. Kg1 Rd7
1/2-1/2

[Event "Schwarzach Open"]
[Site "?"]
[Date "1999.08.28"]
[Round "8"]
[White "Kriechbaum, Paul"]
[Black "Grundner, Alois"]
[Result "0-1"]
[WhiteElo "1734"]
[BlackElo "1922"]
[Annotator "Grundner,A"]
[PlyCount "78"]
[EventDate "2000.??.??"]

1. Nf3 {aus dem Buch} d5 2. g3 c5 3. Bg2 Nc6 4. d3 Nf6 5. b3 e5 6. Bb2 Bd6 7.
O-O O-O 8. Nbd2 Be6 9. h3 h6 10. e4 Qd7 11. Kh2 Bc7 12. Re1 d4 13. a4 a6 14.
Ba3 Qe7 15. Nh4 g6 16. Bb2 Ba5 17. Rf1 b5 18. axb5 axb5 19. Qe2 Kh7 20. Ra3 Bb4
21. Rxa8 Rxa8 22. Bc1 Ra2 23. Qd1 Bc3 24. Nhf3 Nd7 25. Nb1 Nb4 26. Nxc3 ({-0.
44 Fritz 5.00:} 26. Na3 Nxc2 27. Nxb5 Bxb3 28. Nd2 Ba4 29. Nxc3 dxc3 {[%eval
-141,7]}) 26... dxc3 27. Ne1 Nxc2 28. Qe2 Bxb3 29. Nxc2 Rxc2 30. Qe3 g5 31. Bf3
Ra2 32. h4 f6 33. hxg5 fxg5 34. Kg2 Be6 35. Rh1 Kg7 36. Qe1 b4 37. Rh2 Qf6 38.
Qh1 b3 39. Rh5 Bg8 ({-7.03 Fritz 5.00:} 39... b2 40. Bxb2 cxb2 41. Qb1 Nb6 42.
Rh1 Ra1 {[%eval -509,7]}) 0-1

[Event "Pzg. MS"]
[Site "?"]
[Date "1998.??.??"]
[Round "4"]
[White "Berti, Rudolf"]
[Black "Grundner, Alois"]
[Result "0-1"]
[WhiteElo "1830"]
[BlackElo "1905"]
[PlyCount "60"]
[EventDate "1998.??.??"]

1. Nf3 d5 2. c4 c6 3. b3 {aus dem Buch} Nf6 4. Bb2 Nbd7 5. g3 Qc7 6. d4 Ne4 $14
(6... dxc4 7. bxc4 e6 8. Nbd2 $11) 7. cxd5 cxd5 8. Nbd2 Ndf6 9. Rc1 Qa5 10. a3
e6 11. b4 Qb6 12. Qc2 $11 (12. Ne5 Nxd2 13. Qxd2 Bd6 $11) 12... a5 13. b5 Qxb5
14. e3 Qb6 15. Nxe4 Nxe4 16. Ne5 Bd6 17. Qa4+ Ke7 {Schwarz erhält starke
Initiative} 18. Qb5 Qxb5 {Droht Matt: Dxb2} 19. Bxb5 f6 20. Nd3 Bd7 21. a4 $19
(21. Bxd7 $5 Kxd7 22. f3 $15) 21... Rhc8 22. O-O Nd2 23. Rfd1 Bxb5 24. axb5 Nb3
25. Rxc8 Rxc8 26. Nc1 Nxc1 (26... Rc2 27. Nd3 $19) 27. Rxc1 Rxc1+ 28. Bxc1 Bb4
(28... Kd7 29. f3 $19) 29. e4 (29. f3 Kd6 $19) 29... dxe4 30. Bf4 Bc3 (30...
Bc3 31. Kf1 Bxd4 $19) 0-1

[Event "Schwarzach Open"]
[Site "?"]
[Date "1999.08.22"]
[Round "2"]
[White "Krumphals, Friedrich"]
[Black "Grundner, Alois"]
[Result "1/2-1/2"]
[WhiteElo "2011"]
[BlackElo "1922"]
[Annotator "Fritz 5.00 (10s)"]
[PlyCount "36"]
[EventDate "2000.??.??"]

1. c4 Nf6 {Opening = A18 - Englische Eröffnung /English Opening} 2. Nc3 e6 3.
e4 d5 4. e5 d4 5. exf6 dxc3 6. bxc3 Qxf6 7. d4 c5 8. Nf3 cxd4 9. cxd4 Bb4+ 10.
Bd2 Bxd2+ 11. Qxd2 O-O 12. Be2 b6 13. O-O Nd7 14. Rac1 Bb7 15. Rfd1 Rfd8 16.
Qe3 Rac8 17. Qa3 Rc7 18. Qd6 Rc6 1/2-1/2

[Event "Lienz Open"]
[Site "?"]
[Date "1999.02.13"]
[Round "9"]
[White "Grundner, Alois"]
[Black "Burger, Andreas"]
[Result "1/2-1/2"]
[WhiteElo "2087"]
[BlackElo "1899"]
[Annotator "Grundner,A"]
[PlyCount "47"]

1. d4 e6 {aus dem Buch} 2. c4 b6 3. Nc3 Bb7 4. e4 Bb4 5. Bd3 f5 6. f3 fxe4 7.
fxe4 Nf6 8. Qe2 Bxc3+ 9. bxc3 Nxe4 10. Nf3 Nf6 11. Ba3 Qc8 12. Ng5 c5 13. O-O (
{-0.59 Fritz 5.00:} 13. Nxh7 Qc6 14. Nxf6+ gxf6 15. Bg6+ Kd8 16. dxc5 Rg8 17.
Qd3 Qxg2 {[%eval 9,7]}) 13... O-O 14. Rxf6 Rxf6 15. Bxh7+ Kf8 16. Be4 Na6 ({0.
47 Fritz 5.00:} 16... Ke7 17. dxc5 bxc5 18. Bxb7 Qxb7 19. Ne4 Rf5 20. Nxc5 {
[%eval -16,6]}) 17. Nh7+ Ke7 18. Nxf6 gxf6 19. Rf1 Bxe4 20. Qxe4 Qf8 21. Qb7
Qc8 22. Qe4 Qh8 23. Qb7 Qc8 24. Qe4 1/2-1/2

[Event "Lienz Open"]
[Site "?"]
[Date "1999.02.11"]
[Round "7"]
[White "Grundner, Alois"]
[Black "Kawinek, Arnold"]
[Result "1-0"]
[WhiteElo "1896"]
[BlackElo "1500"]
[Annotator "Grundner,A"]
[PlyCount "49"]

1. d4 e5 2. dxe5 Nc6 3. Nf3 Qe7 4. e4 Nxe5 5. Be2 Nf6 6. Nc3 d6 7. O-O Bd7 8.
Nd4 O-O-O 9. Bg5 Nc6 10. Re1 h6 11. Nxc6 Bxc6 12. Bg4+ Kb8 13. Nd5 Qe5 14. f4
Qxb2 15. Bxf6 gxf6 16. Rb1 Qxa2 17. Qd4 Qxc2 18. Rec1 Qa4 19. Rb4 Qa3 20. Ra1
Qxa1+ 21. Qxa1 Bg7 22. Qc3 Bxd5 23. exd5 a5 24. Rb1 h5 25. Be2 1-0

[Event "Pzg. MS"]
[Site "?"]
[Date "1998.11.06"]
[Round "3"]
[White "Grundner, Alois"]
[Black "Scharler, Walter"]
[Result "1/2-1/2"]
[WhiteElo "1905"]
[BlackElo "1860"]
[PlyCount "71"]
[EventDate "1998.??.??"]

1. d4 c6 {aus dem Buch} 2. c4 d6 3. Nc3 h6 {Verwehrt dem Gegner g5} 4. e4 Nd7
5. Nf3 e5 6. Be3 Be7 7. Bd3 Ngf6 8. O-O O-O 9. Ne1 Re8 10. f4 Nh7 $14 (10...
Qb6 11. Na4 Qa5 12. fxe5 dxe5 13. d5 $11) 11. fxe5 {Raumgewinn} dxe5 12. Qf3
Bf6 $16 (12... Ng5 13. Bxg5 Bxg5 14. Qxf7+ Kh8 $11) 13. d5 Ndf8 14. Qg3 $11 (
14. Rd1 $142 $5 $16) 14... Bg5 $14 (14... Bh4 15. Qf3 Bf6 $16) 15. Bxg5 Nxg5
16. h4 Ngh7 17. Nf3 Nd7 18. Rad1 Nhf6 19. a3 Qb6+ 20. Qf2 Qa5 21. Nd2 Rf8 22.
Nb3 Qd8 23. Be2 Qe7 24. Na5 cxd5 25. cxd5 Nb6 26. Nb3 Bg4 $16 (26... Rd8 27.
Qc5 Qe8 28. Qe3 $16) 27. Nc5 $14 (27. Bxg4 Nxg4 28. Qg3 Nf6 $16) 27... Nc8 28.
Nd3 Nd6 $16 (28... Bxe2 29. -- $11) 29. Bf3 $11 (29. Bxg4 $5 Nxg4 30. Qg3 $14)
29... Bh5 30. Qe2 $11 (30. Bxh5 Nxh5 31. g4 Nf6 $14) 30... Bg6 {[%cal Rd6e4,
Rf6e4,Rg6e4,Gc3e4,Ge2e4,Gf3e4] Alles auf e4!} 31. Rf2 {[%cal Yh4h5] Weiß plant
h5} Nd7 32. h5 Bh7 33. g4 Rac8 34. Rdf1 $15 (34. Qe3 Nf6 $11) 34... a6 {
Kontrolliert b5} 35. Ne1 Nc4 36. Nd3 $17 (36. a4 Qg5 37. Ng2 Rc7 $15) 1/2-1/2

[Event "LLA"]
[Site "?"]
[Date "1999.11.27"]
[Round "5"]
[White "Grundner, Alois"]
[Black "Moser, Wofgang"]
[Result "1/2-1/2"]
[WhiteElo "1922"]
[BlackElo "2088"]
[Annotator "Fritz 5.00 (20s)"]
[PlyCount "66"]

1. d4 Nf6 {Opening = A52 - Budapester Gambit-Hauptvariante /Budapest
Defence-main line} 2. c4 e5 3. dxe5 Ng4 4. Nf3 $11 (4. f4 Bc5 5. Nh3 d6 $14)
4... Bc5 5. e3 Nc6 6. Be2 Ngxe5 7. Nbd2 d6 8. O-O O-O 9. Nb3 Bb6 10. Nbd4 Nxf3+
11. Bxf3 Ne5 12. b3 Qf6 13. Be4 Qh4 14. Qc2 c6 15. Bb2 Bc7 16. Nf3 $11 (16.
Rad1 Bg4 17. f3 Bc8 $14) 16... Qh5 17. Nxe5 dxe5 18. Bf3 Qh6 19. e4 f5 20. Rad1
f4 21. Rd3 g5 $14 (21... Be6 22. Rfd1 $11) 22. Qe2 Be6 23. Rfd1 Rf7 (23... Qh4
24. h3 $16) 24. Bg4 Qf6 25. Ba3 h6 26. Bd6 Kg7 $18 (26... Bxg4 $142 $5 27. Qxg4
Rd8 28. Bxc7 Rxd3 29. Rxd3 Rxc7 $16) 27. Bh5 Rd7 28. Bxe5 (28. Bf8+ Kxf8 29.
Rxd7 Rc8 $18) 28... Qxe5 29. Rxd7+ Bxd7 30. Rxd7+ Kh8 31. Qd1 Rf8 32. Qd4 $16 (
32. Bg6 $5 f3 33. g3 b5 $18) 32... Qxd4 33. Rxd4 Rd8 1/2-1/2

[Event "Schwarzach Open"]
[Site "?"]
[Date "2000.08.22"]
[Round "4"]
[White "Grundner, Alois"]
[Black "Weyerer, Marcus"]
[Result "1/2-1/2"]
[WhiteElo "1873"]
[BlackElo "1640"]
[Annotator "Fritz 5.00 (30s)"]
[PlyCount "94"]
[EventDate "2000.??.??"]

1. d4 Nf6 {Opening = A57_05 Wolga-Benkö mit 4.Nf3 / Volga-Benko with 4.Nf3} 2.
c4 c5 3. d5 b5 4. Nf3 g6 5. Qc2 Bg7 6. e4 d6 7. Bf4 {aus dem Buch} Nfd7 $4 $16
{gibt den Vorteil aus der Hand} (7... Nxe4 $142 {sieht noch spielbar aus} 8.
cxb5 Bf5 $15) 8. Nbd2 $14 (8. cxb5 $5 f5 9. exf5 $16) 8... bxc4 9. Nxc4 {Ein
gutes Feld für den Springer} Nb6 10. Bd3 N8d7 11. O-O O-O {Schwarz hat
Entwicklungsnachteil.} 12. Rab1 Ba6 13. b3 {Deckt a4+c4} Nxc4 14. bxc4 Qc7 15.
Qa4 Bc8 16. Rb3 Nb6 17. Qa3 Bd7 18. Qc1 Rfb8 19. Bh6 Bh8 20. Qf4 f6 $14 {
Stärkt e5+g5} (20... Rb7 21. Re1 $11) 21. h4 $11 (21. Qg3 e5 $14) 21... Bg7 22.
Bxg7 Kxg7 23. h5 Be8 24. g4 $15 (24. Rfb1 $5 $14 {ist die kritische Fortsetzung
}) 24... g5 $4 $18 {danach kann Schwarz alle Träume begraben} (24... gxh5 $142
{war die einzige Möglichkeit, noch zu kämpfen} 25. Kh1 Bg6 $11) 25. Qe3 $4 $11
{danach wendet sich das Blatt} (25. Nxg5 $142 {Weiß hätte nun das bessere Spiel
} Bd7 26. h6+ Kh8 27. Rfb1 $18) 25... Bd7 $16 (25... Ba4 $142 $5 {kommt in
Betracht} 26. Rbb1 Qc8 $11) 26. Nh2 $14 (26. Nxg5 $5 Rf8 27. e5 dxe5 28. Nxh7
Nxc4 29. Qe4 $18) 26... h6 27. f4 Rf8 28. Rb2 $11 (28. fxg5 fxg5 29. e5 Rxf1+ (
29... dxe5 $4 30. Qe4 Rxf1+ 31. Nxf1 $18) 30. Nxf1 Rh8 $18 (30... dxe5 31. Qe4
Bf5 32. Qxf5 $18 (32. gxf5 $143 Qd6 $18)) (30... Bxg4 $4 {das Schlagen des
Bauern ist schlecht} 31. Qe4 Rg8 32. Qh7+ Kf8 33. Ne3 $18)) 28... Bc8 $16 (
28... e5 $142 $5 {steht zur Diskussion} 29. dxe6 Bxe6 30. fxg5 fxg5 $11) 29. e5
dxe5 (29... gxf4 30. exf6+ exf6 31. Qxf4 $18) 30. fxg5 hxg5 (30... fxg5 $4 31.
Qe4 Bf5 32. Rxf5 $18) 31. h6+ Kh8 (31... Kxh6 $4 {der Bauer ist nicht zu nehmen
} 32. Qh3+ Kg7 33. Qh7#) 32. Qxg5 $14 (32. Qe4 $5 f5 33. gxf5 $18) 32... Rg8 (
32... fxg5 $4 {Schwarz ist zu gierig} 33. Rxf8#) 33. Qh5 e4 34. Bxe4 Qg3+ 35.
Bg2 $4 $17 {wirft den Vorteil weg} (35. Kh1 Bxg4 36. Qf7 $18 (36. Nxg4 $2 Rxg4
37. Rh2 Rxe4 $19)) 35... Bxg4 36. Nxg4 Qxg4 $15 (36... Rxg4 37. Rff2 Rxc4 38.
Rb3 Rc1+ 39. Rf1 Rxf1+ 40. Kxf1 Qf4+ 41. Kg1 $17) 37. Qxg4 Rxg4 38. Re2 Rag8
39. Rff2 Nxc4 $11 (39... Rxc4 $5 {ist zu beachten} 40. Rxe7 Nxd5 41. Rxa7 Rcg4
$15) 40. Rxe7 f5 41. Kf1 ({Nachteilig ist} 41. Rxa7 Ne3 42. Rg7 R8xg7 (42...
R4xg7 $6 43. hxg7+ Rxg7 44. Kh1 $11) 43. hxg7+ Kxg7 $19 (43... Rxg7 $6 44. Kh1
$11)) 41... Rd4 $14 (41... Rg3 42. Rfe2 $15) 42. Kg1 $11 (42. Rfe2 $5 $14)
42... Rxd5 43. Rxa7 Ne3 44. Kh2 $4 $19 (44. h7 $142 {nur damit konnte man noch
auf Rettung hoffen} Rg6 45. Rb2 $15) 44... Nxg2 $11 (44... Ng4+ $142 {und
nichts geht mehr} 45. Kg1 Nxf2 46. Kxf2 Rd2+ 47. Kf3 Rgxg2 $19) 45. Rxg2 Rxg2+
46. Kxg2 c4 47. Rc7 Ra5 1/2-1/2

[Event "Lienz Open"]
[Site "?"]
[Date "1999.02.09"]
[Round "5"]
[White "Grundner, Alois"]
[Black "Winiwarter, Felix"]
[Result "0-1"]
[WhiteElo "2225"]
[BlackElo "1899"]
[Annotator "Fritz 5.00 (20s)"]
[PlyCount "56"]

1. d4 Nf6 {Opening = A69 - Benoni-Dreibauern System /Benoni-Three Pawn's
System. aus dem Buch} 2. c4 c5 3. d5 {Raumvorteil} e6 4. Nc3 exd5 5. cxd5 d6 6.
e4 g6 7. f4 Bg7 8. Nf3 O-O 9. Be2 Re8 10. Qc2 a6 {Verwehrt dem Gegner b5} 11.
a4 Bg4 12. O-O Nbd7 13. Be3 $15 (13. h3 $5 {steht zur Diskussion} Bxf3 14. Rxf3
$14) 13... Qe7 {[%cal Re7e4,Re8e4,Rf6e4,Gc2e4,Gc3e4] Alles auf e4!} 14. Bd3 c4
15. Bxc4 Nxe4 16. Rae1 Bxf3 17. Rxf3 Nxc3 18. bxc3 {Befestigt d4} Nc5 19. Bf2
Qc7 20. Rfe3 Rxe3 {[%cal Re3c3,Rg7c3,Gc2c3] Übt Druck auf den rückständigen
Bauern c3 aus} 21. Rxe3 Nd7 $11 (21... f5 22. Bd3 $15) 22. Bb3 Rc8 {[%cal
Rc7c3,Rc8c3,Rg7c3,Gc2c3,Ge3c3] c3 ist schwach} 23. Be1 Qb6 24. Bf2 Bd4 25. Rf3
Bxf2+ 26. Rxf2 Qe3 27. c4 $2 $19 (27. Qd2 $142 $5 Rxc3 28. Bc2 $19) 27... Nc5
28. Ba2 Nd3 (28... Nd3 29. Qd2 Qxf2+ 30. Qxf2 Nxf2 31. Kxf2 b5 $19) (28... Ne4
$142 $19 {damit würde Schwarz es sich noch erleichtern}) 0-1

[Event "Lienz Open"]
[Site "?"]
[Date "2007.02.16"]
[Round "8"]
[White "Grundner, Alois"]
[Black "Amon, Andreas"]
[Result "1-0"]
[WhiteElo "1931"]
[BlackElo "1546"]
[Annotator ",Lois"]
[PlyCount "71"]
[EventDate "2000.??.??"]

1. d4 f5 2. g3 Nf6 3. Bg2 e6 4. Nf3 Be7 5. O-O O-O 6. c4 d6 7. Nc3 Nc6 8. Bg5
Ne4 9. Nxe4 fxe4 10. Bxe7 Nxe7 11. Nd2 d5 12. e3 Nf5 13. Qe2 b6 14. f3 exf3 15.
Bxf3 (15. Nxf3 c5 16. e4 dxe4 17. Qxe4 Rb8 18. Rad1) 15... Bb7 16. Rae1 Qg5 17.
Bg2 Rf6 (17... Nd6 18. Rf4 Rad8 19. Nf3 Qh6 20. Ne5 dxc4 21. Rxf8+ Rxf8) 18.
Nf3 Qh5 19. Ne5 Qxe2 20. Rxe2 c5 (20... Ba6 21. Rd1 Rd8 22. b3 c5 23. g4 Nh4)
21. dxc5 bxc5 22. Nd7 Rh6 23. Nxc5 Bc6 24. Nxe6 Rxe6 25. Rxf5 dxc4 26. Rc5 Bxg2
27. Kxg2 Rae8 28. Rxc4 Rxe3 29. Rxe3 Rxe3 30. Rc8+ Kf7 31. Rc7+ Re7 (31... Kf6
32. Kf2 Rd3 33. Rxa7 Rd2+ {[%eval 78,9] [%emt 0:00:01]} 34. Ke3 {[%eval 84,9] 
[%emt 0:00:01] (Kf3)} Rxb2 {[%eval 84,9] [%emt 0:00:01]} 35. h4 {[%eval 88,9] 
[%emt 0:00:01]} h5 {[%eval 84,9] [%emt 0:00:02] (h6)} 36. Ra8 {[%eval 81,9] 
[%emt 0:00:02]} g5 {[%eval 81,9] [%emt 0:00:02]} 37. Rf8+ {[%eval 91,9] [%emt
0:00:01]} Ke7 {[%eval 87,9] [%emt 0:00:00] (Kg6)} 38. Rf2 {[%eval 84,9] [%emt
0:00:01]} Rb5 {[%eval 78,9] [%emt 0:00:01]} 39. Rh2 {[%eval 75,9] [%emt 0:00:
02]} gxh4 {[%eval 75,9] [%emt 0:00:01]} 40. Rxh4 {[%eval 75,9] [%emt 0:00:01]}
Kf6 {[%eval 75,9] [%emt 0:00:02] (Tg5)} 41. Rd4 {[%eval 66,9] [%emt 0:00:02]}
Rb1 {[%eval 75,9] [%emt 0:00:01]} 42. a4 {[%eval 56,9] [%emt 0:00:02]} Re1+ {
[%eval 62,9] [%emt 0:00:01] (Ta1)} 43. Kf4 {[%eval 66,9] [%emt 0:00:00]} Rf1+ {
[%eval 47,9] [%emt 0:00:01] (Ta1)} 44. Ke4 {[%eval 47,9] [%emt 0:00:01]} Re1+ {
[%eval 53,9] [%emt 0:00:01]} 45. Kd5 {[%eval 53,9] [%emt 0:00:00]} Re3 {[%eval
53,9] [%emt 0:00:01]} 46. Kc5 {[%eval 69,9] [%emt 0:00:01]} Rxg3 {[%eval 75,9]
[%emt 0:00:01] (Ta3)} 47. a5 {[%eval 103,9] [%emt 0:00:01]} Rg8 {[%eval 116,9]
[%emt 0:00:02]} 48. a6 {[%eval 125,9] [%emt 0:00:01]} Rc8+ {[%eval 222,9] 
[%emt 0:00:02] (Kg5)} 49. Kb6 {[%eval 238,9] [%emt 0:00:01]} Rb8+ {[%eval 237,
9] [%emt 0:00:01]} 50. Kc7 {[%eval 238,9] [%emt 0:00:00]} Rb1 {[%eval 256,9] 
[%emt 0:00:01] (Tb3)} 51. Rd6+ {[%eval 313,9] [%emt 0:00:01]} Ke7 {[%eval 319,
9] [%emt 0:00:01]} 52. Rb6 {[%eval 372,9] [%emt 0:00:01]} Rd1 {[%eval 409,9] 
[%emt 0:00:01] (Ta1)} 53. a7 {[%eval 413,9] [%emt 0:00:00]} Rd7+ {[%eval 441,9]
[%emt 0:00:01]} 54. Kb8 {[%eval 431,9] [%emt 0:00:00]} Rd8+ {[%eval 437,9] 
[%emt 0:00:00]} 55. Kb7 {[%eval 438,9] [%emt 0:00:00]} Rd7+ {[%eval 437,9] 
[%emt 0:00:01]} 56. Ka6 {[%eval 431,9] [%emt 0:00:00]} Rd8 {[%eval 431,9] 
[%emt 0:00:01]} 57. Rb8 {[%eval 431,9] [%emt 0:00:01]} Rd3 {[%eval 431,9] 
[%emt 0:00:01]} 58. Rh8 {[%eval 434,9] [%emt 0:00:02] (a8D)} Ra3+ {[%eval 453,
9] [%emt 0:00:01]} 59. Kb7 {[%eval 463,9] [%emt 0:00:00]} Rb3+ {[%eval 491,9] 
[%emt 0:00:01]} 60. Kc6 {[%eval 534,9] [%emt 0:00:00]} Rc3+ {[%eval 572,9] 
[%emt 0:00:01]} 61. Kb5 {[%eval 541,9] [%emt 0:00:01]} Ra3 {[%eval 603,9] 
[%emt 0:00:01]} 62. Rxh5 {[%eval 572,9] [%emt 0:00:00]} Kf7 {[%eval 609,9] 
[%emt 0:00:01] (Txa7)} 63. Rh7+ {[%eval 584,9] [%emt 0:00:02] (Th8)} Kg6 {
[%eval 616,9] [%emt 0:00:01]} 64. Rc7 {[%eval 584,9] [%emt 0:00:01]} Rxa7 {
[%eval 616,9] [%emt 0:00:01]} 65. Rxa7 {[%eval 597,9] [%emt 0:00:00]} Kf5 {
[%eval 653,9] [%emt 0:00:00]} 66. Kc5 {[%eval 622,9] [%emt 0:00:00]} Ke5 {
[%eval 653,9] [%emt 0:00:00]} 67. Re7+ {[%eval 634,9] [%emt 0:00:00]} Kf6 {
[%eval 666,9] [%emt 0:00:00]} 68. Re4 {[%eval 634,9] [%emt 0:00:00]} Kg5 {
[%eval 691,9] [%emt 0:00:00]} 69. Kd5 {[%eval 659,9] [%emt 0:00:00]} Kf5 {
[%eval 691,9] [%emt 0:00:00]} 70. Rd4 {[%eval 659,9] [%emt 0:00:00]}) 32. Rxe7+
Kxe7 33. Kf3 Kd6 34. Ke4 a5 35. b3 Kc5 36. a3 1-0

[Event "LLA gg.Sbg.Süd"]
[Site "?"]
[Date "1998.??.??"]
[Round "5"]
[White "Dölzlmüller, Christoph"]
[Black "Grundner, Alois"]
[Result "1-0"]
[WhiteElo "2033"]
[BlackElo "1903"]
[Annotator "Fritz 5.00 (20s)"]
[PlyCount "61"]

1. e4 c5 {Opening = B23 - Sizilianisch-Geschlossenes System /Sicilian-Closed
System} 2. Nc3 d6 3. f4 g6 4. Nf3 Bg7 5. g3 Nc6 6. Bg2 e6 7. O-O Nge7 8. d3 Nd4
9. Ne2 Nec6 10. c3 Nxf3+ 11. Bxf3 O-O 12. Be3 Qe7 13. Qe1 e5 14. f5 Kh8 15. g4
Bf6 16. Qd2 Rg8 17. Kh1 g5 18. Rf2 Bd7 19. Rg1 h6 20. h4 Rg7 21. Ng3 Rag8 22.
Nh5 Rh7 23. Rh2 Qd8 24. Kg2 Be7 25. Rgh1 f6 26. Ng3 Rgg7 27. Bd1 Be8 28. Bb3
Bf7 $2 $18 (28... Qc7 $142 $5 $16) 29. hxg5 hxg5 (29... Bxb3 30. g6 $1 {
entscheidend} Bf7 31. gxh7 Rxg4 32. Bxh6 Bf8 $18) 30. Rxh7+ Rxh7 31. Rxh7+ (31.
Rxh7+ Kxh7 32. Bxf7 $18) 1-0

[Event "Landescup 2001"]
[Site "?"]
[Date "1999.??.??"]
[Round "?"]
[White "Häusler, Kurt"]
[Black "Grundner, Alois"]
[Result "1/2-1/2"]
[WhiteElo "1950"]
[BlackElo "1869"]
[Annotator "Grundner,A"]
[PlyCount "122"]
[EventDate "2001.??.??"]

1. e4 c5 2. Nc3 d6 3. g3 Nc6 4. Bg2 Nf6 5. d3 g6 6. h3 Bg7 7. Be3 O-O 8. Qd2
Nd4 9. Nce2 e5 10. c3 Ne6 11. f4 Nc7 12. fxe5 dxe5 13. Bxc5 Re8 14. Nf3 b6 15.
Be3 Bb7 16. O-O Qe7 17. Bh6 Rad8 18. Bxg7 Kxg7 19. Qe3 Rd7 20. Rad1 Red8 21.
Qg5 Bxe4 22. Nxe5 Bxg2 23. Kxg2 Rd5 24. d4 Ne6 25. Qxf6+ Qxf6 26. Rxf6 Rxe5 27.
Rf2 Red5 {Weiß lehnte ein Remisangebot ab.} 28. Nc1 R5d7 29. Rdf1 Ng5 30. Nd3
Ne4 31. Rf4 f5 32. Ne5 Rc7 33. g4 Nd6 34. gxf5 Nxf5 35. Re4 Nd6 36. Re2 Re8 37.
Ref2 Nf5 38. Kf3 Nd6 39. Re1 Rf8+ 40. Ke2 Re8 41. Kd3 Nf5 42. c4 Nd6 43. Ref1
Nf5 44. b4 Rd8 45. Rf4 Re7 46. Re1 Rde8 47. Ref1 Rd8 48. Kc3 Rde8 49. c5 b5 50.
R1f3 Re6 51. Nd3 Re2 52. Rf2 R8e3 53. a4 a6 54. axb5 axb5 55. Rxe2 Rxe2 56. d5
Ne3 57. Kb3 Nxd5 58. Rd4 Ne7 59. Rd7 Kf6 60. Rd6+ Re6 61. Rxe6+ Kxe6 1/2-1/2